000 00588nam a2200205Ia 4500
005 20250326143255.0
008 250326s9999 xx 000 0 und d
020 _a1-56670-361-1
037 _aTextbook
040 _aFMSL
_beng
_cFMSL
041 _aeng
_2eng
084 _aX8(A)k N9
_qFMSL
100 _aConfer R G
_9747743
245 0 _aOccupational health and safety : terms, definitions and abbreviations
_cConfer R G; Confer T R
250 _a2
260 _aLondon
_bLondon, Lewis
_c1999
300 _a275p
942 _cTB
_hX8(A)k N9
999 _c1298870
_d1298870